000 00208nam a22000857a 4500
008 161014b xxu||||| |||| 00| 0 eng d
100 _9844
_aNCERT
245 _aBusiness Studies-XI
260 _aNew Delhi
_bNCERT
_c2007
999 _c3494
_d3494